Os povos (Registo nº 2680)

Detalhes MARC
000 -Etiqueta do registo
Cabeçalho 00894nam a22003131 4500
005 - Identificador da versão
Campo de controlo 20240827170527.0
010 ## - Número internacional normalizado dos livros (ISBN)
Número (ISBN) 9726103789
021 ## - Número do Depósito Legal
Código do país PT
Número 163300/01
100 ## - Dados gerais de processamento
Dados gerais de processamento 20030912d2001 cd y0pory500305 ba
101 1# - Língua de publicação
Língua do texto, banda sonora, etc. Português
Língua do documento no original Francês
102 ## - Pais de publicação ou produção
País de publicação Portugal
105 ## - Campo de dados codificados: livros
Dados codificados dos livros a f 001yy
106 ## - Campo de dados codificados: material textual
Dados codificados do material textual r
200 1# - Titulo e menção de responsabilidade
Título próprio Os povos
Primeira menção de responsabilidade escrito por Dominique Rist
Outras menções de responsabilidade dir. il. Anne Boyer
-- trad. de Joana Caspurro
205 ## - Menção da edição
Menção da edição 1ª ed
210 ## - Publicação, Distribuição, etc. 
Lugar da edição, distribuição, etc. Porto
Nome do editor, distribuidor, etc. Campo das Letras
Data da publicação, distribuição, etc. 2001
215 ## - Descrição física 
Indicação específica da natureza do documento e extensão da espécie 120 p.
Outras indicações físicas muito il.
Dimensões 18 cm
225 2# - Colecção 
Título próprio da colecção A minha primeira enciclopédia Larousse
606 ## - Nome comum usado como assunto
Número de registo de entrada de autoridade 0000959
Palavra de ordem História universal
Subdivisão de assunto Povos
Número de registo de entrada de autoridade 0001468
Palavra de ordem Etnografia
Número de registo de entrada de autoridade 0001555
Palavra de ordem Enciclopédia
675 ## - Classificação Decimal Universal (CDU)
Notação 93
Edição
Língua da edição por
Notação 03
Edição
Língua da edição por
700 #1 - Nome de autor-pessoa física (responsabilidade principal)
Número de registo de entrada de autoridade 0001557
Palavra de ordem Rist
Outra parte do nome não tomada para palavra de ordem Dominique
702 #1 - Nome de autor-pessoa física (responsabilidade secundária)
Número de registo de entrada de autoridade 0001558
Palavra de ordem Boyer
Outra parte do nome não tomada para palavra de ordem Anne
Código de função Responsável editorial
Número de registo de entrada de autoridade 0001559
Palavra de ordem Caspurro
Outra parte do nome não tomada para palavra de ordem Joana
Código de função Tradutor
942 ## - Elementos de entrada adicionados (Koha)
Tipo de item no Koha Livro
Exemplares
Situação do levantamento Origin of item (home branch) (coded) Biblioteca de empréstimo Código de barras Cota Circulation type (not for loan) Tipo de documento Nota do exemplar Damaged status
  Biblioteca Escolar da Coca Maravilhas Biblioteca Escolar da Coca Maravilhas BECM6111/03 9UNI ENC   Livro Sem mensagem